[Event "BIH-chT (Women)"]
[Site "Neum"]
[Date "2008.06.05"]
[Round "2"]
[White "Kizova, Sava"]
[Black "Maksimovic, Suzana"]
[Result "0-1"]
[WhiteElo "2134"]
[BlackElo "2264"]
[PlyCount "74"]
[EventDate "2008.06.04"]
[EventType "team"]
[EventRounds "7"]
[EventCountry "BIH"]
[SourceTitle "CBM 124 Extra"]
[Source "ChessBase"]
[SourceDate "2008.07.03"]
[SourceVersion "1"]
[SourceVersionDate "2008.07.03"]
[SourceQuality "1"]

1. Nf3 c5 2. b3 Nc6 3. Bb2 d6 4. g3 e5 5. e4 Nf6 6. d3 Be7 7. Bg2 0-0 8. 0-0 Ne8 9. Nbd2 f5 10. c3 Nf6 11. Re1 f4 12. d4 Qe8 13. dxc5 dxc5 14. Qc2 Qh5 15. a3 Bh3 16. b4 Ng4 17. Qb3+ Kh8 18. Qc4 Rad8 19. Bxh3 Qxh3 20. Qf1 Qh5 21. h3 fxg3 22. hxg4 Qxg4 23. fxg3 Rxd2 24. Nxd2 Rxf1+ 25. Nxf1 h5 26. Kh2 Qf3 27. Kg1 h4 28. Re3 Qg4 29. Nh2 Qg6 30. Rae1 Bg5 31. Rd3 Bf4 32. g4 Bxh2+ 33. Kxh2 Qxg4 34. Bc1 Ne7 35. bxc5 Ng6 36. Rd8+ Kh7 37. Rd6 Qg3+ 0-1

[Event "SCG-chT1 (Women)"]
[Site "Vrnjacka Banja"]
[Date "2005.10.23"]
[Round "7"]
[White "Kizova, Sava"]
[Black "Zivkovic, Vesna"]
[Result "1-0"]
[WhiteElo "2122"]
[BlackElo "2150"]
[PlyCount "47"]
[EventDate "2005.10.17"]
[EventType "team"]
[EventRounds "11"]
[EventCountry "YUG"]
[SourceTitle "EXT 2006"]
[Source "ChessBase"]
[SourceDate "2005.11.24"]
[SourceVersion "1"]
[SourceVersionDate "2005.11.24"]
[SourceQuality "1"]

1. d4 Nf6 2. c4 e6 3. Nf3 Bb4+ 4. Nbd2 0-0 5. Qc2 d5 6. a3 Be7 7. e4 dxe4 8. Nxe4 Nc6 9. Bd3 Nxd4 10. Nxf6+ Bxf6 11. Nxd4 Qxd4 12. Bxh7+ Kh8 13. Be4 Rb8 14. 0-0 Qe5 15. Rb1 c5 16. b4 Qc7 17. Qe2 g6 18. Qf3 Be5 19. Bxg6 Bxh2+ 20. Kh1 Kg7 21. Bb2+ Be5 22. Qg3 Rh8+ 23. Bh7+ Kf6 24. Qf4+ 1-0

[Event "SCG-chT1 (Women)"]
[Site "Vrnjacka Banja"]
[Date "2005.10.21"]
[Round "5"]
[White "Kizova, Sava"]
[Black "Zelenaja Azaric, Galina"]
[Result "1/2-1/2"]
[WhiteElo "2122"]
[BlackElo "2116"]
[PlyCount "26"]
[EventDate "2005.10.17"]
[EventType "team"]
[EventRounds "11"]
[EventCountry "YUG"]
[SourceTitle "EXT 2006"]
[Source "ChessBase"]
[SourceDate "2005.11.24"]
[SourceVersion "1"]
[SourceVersionDate "2005.11.24"]
[SourceQuality "1"]

1. d4 Nf6 2. Nf3 g6 3. g3 Bg7 4. Bg2 0-0 5. 0-0 d6 6. b3 Nbd7 7. Bb2 Re8 8. Nbd2 c6 9. e4 Qc7 10. Re1 Nb6 11. a4 a5 12. h3 Nfd7 13. Rb1 h6 1/2-1/2

[Event "BIH-chT (Women)"]
[Site "Neum"]
[Date "2005.06.08"]
[Round "5"]
[White "Kizova, Sava"]
[Black "Stevandic, Drinka"]
[Result "1/2-1/2"]
[WhiteElo "2121"]
[BlackElo "2079"]
[PlyCount "62"]
[EventDate "2005.06.04"]
[EventType "team"]
[EventRounds "7"]
[EventCountry "BIH"]
[SourceTitle "CBM 106 Extra"]
[Source "ChessBase"]
[SourceDate "2005.07.01"]
[SourceVersion "1"]
[SourceVersionDate "2005.07.01"]
[SourceQuality "1"]

1. d4 d6 2. Nf3 Nf6 3. g3 g6 4. Bg2 Bg7 5. 0-0 0-0 6. b3 Nbd7 7. Bb2 c5 8. c4 Rb8 9. Nc3 a6 10. Qd2 b5 11. cxb5 axb5 12. dxc5 dxc5 13. Rfd1 Qb6 14. Nd5 Nxd5 15. Bxg7 Kxg7 16. Qxd5 Nf6 17. Qe5 Bf5 18. Rac1 Rbc8 19. h3 Qe6 20. g4 Qxe5 21. Nxe5 Be6 22. f4 Rc7 23. Rc2 Nd7 24. Nxd7 Bxd7 25. Rdc1 Rfc8 26. e4 c4 27. bxc4 bxc4 28. Rc3 Ra7 29. Rxc4 Rxc4 30. Rxc4 Rxa2 31. Rc7 Rd2 1/2-1/2

[Event "SCG-chT (Women)"]
[Site "Herceg Novi"]
[Date "2005.05.18"]
[Round "4"]
[White "Kizova, Sava"]
[Black "Zelenaja Azaric, Galina"]
[Result "1-0"]
[WhiteElo "2121"]
[BlackElo "2139"]
[PlyCount "97"]
[EventDate "2005.05.15"]
[EventType "team"]
[EventRounds "5"]
[EventCountry "YUG"]
[SourceTitle "CBM 106 Extra"]
[Source "ChessBase"]
[SourceDate "2005.07.01"]
[SourceVersion "1"]
[SourceVersionDate "2005.07.01"]
[SourceQuality "1"]

1. d4 Nf6 2. Nf3 g6 3. g3 Bg7 4. Bg2 0-0 5. 0-0 d6 6. b3 c6 7. Bb2 Nbd7 8. Nbd2 Re8 9. Re1 e5 10. dxe5 Nxe5 11. Nxe5 dxe5 12. Nc4 Qc7 13. Qd6 Qxd6 14. Nxd6 Re7 15. Rad1 Bf8 16. Nc4 Nd7 17. Bh3 f6 18. Ba3 c5 19. Nd6 Nb6 20. Nxc8 Nxc8 21. Bxc5 Rc7 22. Bxf8 Kxf8 23. Rd8+ Kg7 24. c4 Nb6 25. Rxa8 Nxa8 26. e4 Kf7 27. Rd1 Ke7 28. Kf1 Nb6 29. Ke2 Nc8 30. Bxc8 Rxc8 31. f4 Ke6 32. Ke3 h5 33. Rd5 Rc6 34. Ra5 a6 35. Kd3 Rc7 36. Rd5 h4 37. c5 hxg3 38. hxg3 exf4 39. gxf4 Rc6 40. Kd4 b6 41. cxb6 Rxb6 42. f5+ gxf5 43. exf5+ Ke7 44. Kc5 Rb8 45. Kc6 Rb4 46. Ra5 Rf4 47. Kb6 Kd6 48. Kxa6 Kc6 49. Rb5 1-0

[Event "EU-Cup (Women) 09th"]
[Site "Izmir"]
[Date "2004.10.06"]
[Round "4.4"]
[White "Kizova, Sava"]
[Black "Korbut, Ekaterina"]
[Result "1/2-1/2"]
[WhiteElo "2124"]
[BlackElo "2400"]
[PlyCount "83"]
[EventDate "2004.10.03"]
[EventType "team-swiss"]
[EventRounds "7"]
[EventCountry "TUR"]
[SourceTitle "EXT 2013"]
[Source "ChessBase"]
[SourceDate "2012.11.22"]
[SourceVersion "1"]
[SourceVersionDate "2012.11.22"]
[SourceQuality "1"]
[WhiteTeam "Kac Jugovic (W)"]
[BlackTeam "St Petersburg Finek (W)"]
[WhiteTeamCountry "SRB"]
[BlackTeamCountry "RUS"]

1. d4 d5 2. c4 dxc4 3. Nf3 Nf6 4. e3 a6 5. Bxc4 b5 6. Be2 Bb7 7. 0-0 Nbd7 8. a4 b4 9. b3 e6 10. Nbd2 c5 11. Bb2 Be7 12. Rc1 Rc8 13. Nc4 0-0 14. Nfe5 cxd4 15. exd4 Nd5 16. Bf3 Ba8 17. Rc2 N7f6 18. Qd2 Ne8 19. Ne3 Rxc2 20. Qxc2 Nxe3 21. fxe3 Bg5 22. Bc1 Nf6 23. Bd2 Nd5 24. Qd3 f6 25. Nc4 Rf7 26. Kh1 Rd7 27. Bxd5 exd5 28. Nb2 a5 29. Rc1 Rc7 30. Rxc7 Qxc7 31. Qb5 Bc6 32. Qc5 g6 33. Nd3 Qc8 34. Qxa5 Qf5 35. h4 Qxd3 36. Qd8+ Kf7 37. hxg5 Qxd2 38. Qxf6+ Kg8 39. Qxc6 Qe1+ 40. Kh2 Qh4+ 41. Kg1 Qe1+ 42. Kh2 1/2-1/2

[Event "SCG-chT (Women)"]
[Site "Budva"]
[Date "2004.09.17"]
[Round "9.2"]
[White "Petrovic, Marija"]
[Black "Kizova, Sava"]
[Result "1-0"]
[WhiteElo "2227"]
[BlackElo "2124"]
[PlyCount "103"]
[EventDate "2004.09.08"]
[EventType "team"]
[EventRounds "11"]
[EventCountry "YUG"]
[SourceTitle "CBM 102 Extra"]
[Source "ChessBase"]
[SourceDate "2004.11.03"]
[SourceVersion "1"]
[SourceVersionDate "2004.11.03"]
[SourceQuality "1"]
[WhiteTeam "03"]
[BlackTeam "04"]
[WhiteTeamCountry "YUG"]
[BlackTeamCountry "YUG"]

1. d4 d5 2. Nf3 c5 3. e3 cxd4 4. exd4 Nf6 5. c3 Nc6 6. Bf4 Bf5 7. Qb3 Qc8 8. Nbd2 e6 9. h3 h6 10. Be2 Be7 11. a4 a5 12. 0-0 0-0 13. Rfe1 Ne4 14. Nxe4 Bxe4 15. Nd2 Bg6 16. Bb5 Qd8 17. Qd1 Na7 18. Bf1 Nc8 19. Nf3 Be4 20. Ne5 Bf6 21. Qg4 Bf5 22. Qg3 Bh4 23. Qe3 Nd6 24. Nf3 Bf6 25. Be5 Bxe5 26. Nxe5 Re8 27. Qf4 Qg5 28. Qxg5 hxg5 29. g4 Bc2 30. Ra3 f6 31. Nd7 Kf7 32. Rc1 Bg6 33. Nb6 Rab8 34. b4 Rh8 35. bxa5 f5 36. c4 fxg4 37. cxd5 exd5 38. Rc7+ Ke6 39. Rxg7 Be4 40. Rxg5 gxh3 41. Rxh3 Kf6 42. Rgg3 Nf5 43. Nd7+ Ke6 44. Nxb8 Rxb8 45. Rg6+ Kf7 46. Rb6 Nxd4 47. f3 Nxf3+ 48. Kf2 Ng5 49. Rhb3 d4 50. a6 Bd5 51. Rxb7+ Rxb7 52. axb7 1-0

[Event "BIH-chT (Women)"]
[Site "Jahorina"]
[Date "2003.06.24"]
[Round "4"]
[White "Brcic, Milena"]
[Black "Kizova, Sava"]
[Result "0-1"]
[WhiteElo "2244"]
[BlackElo "2104"]
[PlyCount "96"]
[EventDate "2003.06.22"]
[EventType "team"]
[EventRounds "5"]
[EventCountry "BIH"]
[SourceTitle "CBM 094 Extra"]
[Source "ChessBase"]
[SourceDate "2003.07.09"]
[SourceVersion "2"]
[SourceVersionDate "2003.07.09"]
[SourceQuality "1"]

1. c4 c6 2. d4 d5 3. e3 Nf6 4. Nc3 a6 5. cxd5 cxd5 6. Bd3 Nc6 7. f4 Bg4 8. Qc2 Qa5 9. Qb1 Nb4 10. Be2 Bxe2 11. Ngxe2 e6 12. Bd2 Qd8 13. 0-0 Bd6 14. a3 Nc6 15. Nc1 Na5 16. b3 0-0 17. Rf3 Rc8 18. Qd3 b5 19. b4 Nc4 20. Be1 Qc7 21. Nb3 Qc6 22. Nc5 Bxc5 23. bxc5 Ne4 24. f5 exf5 25. Rxf5 Nxc3 26. Bxc3 Qg6 27. e4 Rce8 28. Rxd5 Rxe4 29. Rf1 Ne3 30. Rg5 Qxg5 31. Qxe4 Nxf1 32. Kxf1 h6 33. Kf2 Rd8 34. c6 Qf6+ 35. Ke3 Rc8 36. Kd3 Rxc6 37. Qe8+ Kh7 38. Qe4+ Kg8 39. Qe8+ Kh7 40. Qe4+ g6 41. Qf3 Qxf3+ 42. gxf3 f5 43. d5 Rc5 44. Kd4 Rc4+ 45. Kd3 Rc5 46. Kd4 Rc4+ 47. Kd3 Kg8 48. d6 Kf7 0-1

[Event "BIH-chT (Women)"]
[Site "Jahorina"]
[Date "2003.06.22"]
[Round "2"]
[White "Dedijer, Sanja"]
[Black "Kizova, Sava"]
[Result "1/2-1/2"]
[WhiteElo "2031"]
[BlackElo "2104"]
[PlyCount "42"]
[EventDate "2003.06.22"]
[EventType "team"]
[EventRounds "5"]
[EventCountry "BIH"]
[SourceTitle "CBM 094 Extra"]
[Source "ChessBase"]
[SourceDate "2003.07.09"]
[SourceVersion "2"]
[SourceVersionDate "2003.07.09"]
[SourceQuality "1"]

1. d4 d5 2. c4 dxc4 3. Nf3 c5 4. e3 cxd4 5. exd4 Be6 6. Na3 Nf6 7. Nxc4 Bd5 8. Nce5 Nc6 9. Be2 g6 10. 0-0 Bg7 11. Nxc6 Bxc6 12. Ne5 0-0 13. Nxc6 bxc6 14. Bf3 Nd5 15. Bg5 Re8 16. Qa4 Qb6 17. Rac1 Qxb2 18. Rxc6 Nb6 19. Rxb6 Qxb6 20. Bxa8 Rxa8 21. d5 e6 1/2-1/2

[Event "SCG-chT (Women)"]
[Site "Budva"]
[Date "2003.??.??"]
[Round "1.52"]
[White "Kizova, Sava"]
[Black "Babic, Marijana"]
[Result "1/2-1/2"]
[WhiteElo "2104"]
[BlackElo "2141"]
[PlyCount "29"]
[EventDate "2003.09.??"]
[EventType "team"]
[EventRounds "11"]
[EventCountry "YUG"]
[SourceTitle "CBM 096 Extra"]
[Source "ChessBase"]
[SourceDate "2003.10.22"]
[SourceVersion "2"]
[SourceVersionDate "2003.10.20"]
[SourceQuality "1"]

1. d4 Nf6 2. Nf3 d5 3. c4 e6 4. cxd5 exd5 5. Nc3 Bb4 6. Bg5 h6 7. Bxf6 Qxf6 8. Qb3 c5 9. a3 cxd4 10. axb4 dxc3 11. Qxc3 Qxc3+ 12. bxc3 Be6 13. e3 Ke7 14. Nd4 Nd7 15. Kd2 1/2-1/2

[Event "SCG-chT (Women)"]
[Site "Budva"]
[Date "2003.??.??"]
[Round "6.22"]
[White "Kizova, Sava"]
[Black "Prudnikova, Svetlana"]
[Result "1/2-1/2"]
[WhiteElo "2104"]
[BlackElo "2412"]
[PlyCount "26"]
[EventDate "2003.09.??"]
[EventType "team"]
[EventRounds "11"]
[EventCountry "YUG"]
[SourceTitle "CBM 096 Extra"]
[Source "ChessBase"]
[SourceDate "2003.10.22"]
[SourceVersion "2"]
[SourceVersionDate "2003.10.20"]
[SourceQuality "1"]

1. Nf3 c5 2. c4 Nf6 3. Nc3 d5 4. cxd5 Nxd5 5. e4 Nb4 6. Bb5+ N8c6 7. d4 cxd4 8. a3 dxc3 9. Qxd8+ Kxd8 10. axb4 cxb2 11. Bxb2 f6 12. e5 Bd7 13. Ba4 Ke8 1/2-1/2

[Event "SCG-chT (Women)"]
[Site "Budva"]
[Date "2003.??.??"]
[Round "8.32"]
[White "Kizova, Sava"]
[Black "Vujic Katanic, Branka"]
[Result "1/2-1/2"]
[WhiteElo "2104"]
[BlackElo "2116"]
[PlyCount "21"]
[EventDate "2003.09.??"]
[EventType "team"]
[EventRounds "11"]
[EventCountry "YUG"]
[SourceTitle "CBM 096 Extra"]
[Source "ChessBase"]
[SourceDate "2003.10.22"]
[SourceVersion "2"]
[SourceVersionDate "2003.10.20"]
[SourceQuality "1"]

1. d4 d5 2. c4 e6 3. Nf3 c6 4. cxd5 exd5 5. Nc3 Bd6 6. Bg5 Ne7 7. e3 Bf5 8. Bd3 Bxd3 9. Qxd3 Nd7 10. 0-0 0-0 11. Bf4 1/2-1/2

[Event "BIH-chT (Women)"]
[Site "Neum"]
[Date "2002.06.05"]
[Round "4"]
[White "Kizova, Sava"]
[Black "Benderac, Ana"]
[Result "1/2-1/2"]
[WhiteElo "2124"]
[BlackElo "2313"]
[PlyCount "38"]
[EventDate "2002.06.02"]
[EventType "team"]
[EventRounds "7"]
[EventCountry "BIH"]
[SourceTitle "EXT 2004"]
[Source "ChessBase"]
[SourceDate "2003.11.25"]
[SourceVersion "1"]
[SourceVersionDate "2003.11.25"]
[SourceQuality "1"]

1. d4 d5 2. Nf3 Nf6 3. c4 c6 4. cxd5 cxd5 5. Nc3 Nc6 6. Bf4 Qb6 7. a3 e6 8. e3 Bd7 9. Bd3 Rc8 10. 0-0 Na5 11. Ne5 Qxb2 12. Nxd7 Qxc3 13. Nxf6+ gxf6 14. Qa4+ Nc6 15. Bb5 a6 16. Rfc1 Qb2 17. Bxc6+ Rxc6 18. Rcb1 b5 19. Rxb2 bxa4 1/2-1/2